Statistics for Harry Potter Professors

Click here to take the quiz!

General Stats

  • This quiz has been taken 26 times
  • The average score is 16 of 24

Answer Stats

ClassProfessor% Correct
TransfigurationProfessor McGonagall
96%
PotionsProfessor Snape
96%
Defence Against the Dark ArtsProfessor Snape
96%
Defence Against the Dark ArtsProfessor Lupin
83%
DivinationProfessor Trelawney
79%
Defence Against the Dark ArtsBarty Crouch Jr
75%
Care of Magical CreaturesProfessor Hagrid
75%
Defence Against the Dark ArtsProfessor Lockhart
75%
HerbologyProfessor Sprout
75%
Defence Against the Dark ArtsProfessor Umbridge
75%
FlyingMadam Hooch
71%
CharmsProfessor Flitwick
71%
PotionsProfessor Slughorn
67%
Defence Against the Dark ArtsProfessor Quirrell
63%
Muggle StudiesAlecto Carrow
58%
The Dark ArtsAmycus Carrow
58%
DivinationFirenze
58%
History of MagicThe Ghost of Professor Binns
58%
Muggle StudiesCharity Burbage
54%
AstronomyProfessor Sinistra
50%
Care of Magical CreaturesProfessor Grubbly-Plank
42%
ArithmancyProfessor Vector
42%
Study of Ancient RunesProfessor Babbling
25%
ApparitionProfessor Twycross
25%

Score Distribution

Percentile by Number Answered

Percent of People with Each Score

Your Score History

You have not taken this quiz